European Countries in German - Statistics

General Stats
  • This quiz has been taken 2,966 times
  • The average score is 18 of 20
Answer Stats
Hint Answer % Correct
Deutschland Germany
100%
Österreich Austria
98%
Frankreich France
98%
Polen Poland
98%
Schweiz Switzerland
97%
Russland Russia
96%
Rumänien Romania
94%
Kroatien Croatia
93%
Slowakei Slovakia
93%
Slowenien Slovenia
92%
Litauen Lithuania
89%
Estland Estonia
88%
Island Iceland
88%
Vatikanstadt Vatican City
84%
Griechenland Greece
83%
Lettland Latvia
83%
Vereinigtes Königreich United Kingdom
79%
Weißrussland Belarus
77%
Tschechien Czech Republic
77%
Ungarn Hungary
76%
No matching quizzes found
Score Distribution
Percent of People with Each Score
Percentile by Number Answered
Your Score History
You have not taken this quiz